Library of the University of Algiers 3
Ibrahim Sultan Cheibout
شعار جامعة الجزائر 3
مكتبة جامعة الجزائر 3
إبراهيم سلطان شيبوط

أساسيات علم الاقتصاد / (رقم التسجيلة. 42652)

تفاصيل مارك
000 -LEADER
fixed length control field 01317nam a2200217Ia 4500
003 - CONTROL NUMBER IDENTIFIER
control field Ost
005 - DATE AND TIME OF LATEST TRANSACTION
control field 20260507075051.0
008 - FIXED-LENGTH DATA ELEMENTS--GENERAL INFORMATION
fixed length control field 260507s9999||||xx |||||||||||||| ||und||
040 ## - CATALOGING SOURCE
Transcribing agency fsecg
041 ## - LANGUAGE CODE
Language code of text/sound track or separate title ara
082 ## - DEWEY DECIMAL CLASSIFICATION NUMBER
Classification number 330
100 ## - MAIN ENTRY--PERSONAL NAME
Personal name النجفي، سالم توفيق
Relator term مؤلف
245 #0 - TITLE STATEMENT
Title أساسيات علم الاقتصاد /
Statement of responsibility, etc. سالم توفيق النجفي
260 ## - PUBLICATION, DISTRIBUTION, ETC.
Place of publication, distribution, etc. القاهرة:
Name of publisher, distributor, etc. الدار الدولية للاستثمارات الثقافية,
Date of publication, distribution, etc. 2000
300 ## - PHYSICAL DESCRIPTION
Extent 369 صفحة؛
Other physical details إيضاحات ؛
Dimensions 24 سم
520 ## - SUMMARY, ETC.
Summary, etc. مبادئ اقتصادية رئيسية حول الاقتصاد الجزئي و تناول الطلب و العرض و التوازن و كذا الانتاج و التكاليف الانتاجية كما تم التطرق الى مفاهيم إقتصادية رئيسة حول الاقتصاد الكلي و التطرق الى النظرية الكلاسيكية في الدخل و الاستخدام و النظرية الكنزية مع تناول الاقتصاد الكلي و المتغيرات الرئيسية ( التنظيم التجارة الخارجية التنمية و النمو الاقتصادي)
653 ## - INDEX TERM--UNCONTROLLED
Uncontrolled term الاقتصاد
653 ## - INDEX TERM--UNCONTROLLED
Uncontrolled term الاقتصاد الكلي
653 ## - INDEX TERM--UNCONTROLLED
Uncontrolled term الاقصاد الجزئي
942 ## - ADDED ENTRY ELEMENTS (KOHA)
Koha item type كتب
المقتنيات
Withdrawn status Lost status Source of classification or shelving scheme Damaged status Not for loan Home library Current library Date acquired Serial enumeration / chronology Inventory number Total checkouts Full call number Barcode Date last seen Price effective from Koha item type
    Dewey Decimal Classification   NOT LOAN / إعارة داخلية مكتبة كلية العلوم الإقتصادية والعلوم التجارية وعلوم التسيير مكتبة كلية العلوم الإقتصادية والعلوم التجارية وعلوم التسيير 07/05/2026 الطابق الأرضي 641/1   أ/641ن1 641/1 07/05/2026 07/05/2026 كتب

موارد الويب المفتوحة


© University of Algiers 3 All Rights Reserved
|
Implemented by LECHELAH Riad